Bystrianska jaskyňa

Bibliographic Details
Main Authors: Bella, Pavel, 1962- (Author), Lalkovič, Marcel, 1944-2016 (Author)
Other Authors: Zajíček, Petr, 1965- (fot), Eliáš, M. (fot), Ortutayová, Soňa (gup)
Format: Book
Language:Slovak
PhysicalDescription:[16] s. fareb. fotogr. 21 cm
Published: [Liptovský Mikuláš] Grafon c2002
ISBN:8096877100
Subjects:

MARC

LEADER 00000nam a2200000 a 4500
001 vtls001451078
003 SK-MaSNL
005 20260301073126.0
008 240318sm y0 xo a r 0 slo
015 |a SNBE2003/02-01148 
020 |a 8096877100 
035 |a SNK000406373 
040 |a SNK  |b slo  |c SNK  |e AACR2 
044 |a xo  |c SK 
072 7 |a 551  |x Geológia. Meteorológia. Klimatológia.  |2 konspekt 
080 |a 551.44  |2 1981 
080 |a (437.6-191.2)  |2 1981 
080 |a (24)  |2 1981 
080 |a (036)  |2 1981 
080 |a 908(437.6):551.435.84(234.372.4)(083.9)  |2 2. slo 
080 |a 551.435.84(234.372.4)  |2 2. slo 
100 1 |a Bella, Pavel,  |d 1962-  |4 aut  |9 251968 
245 1 0 |a Bystrianska jaskyňa  |c autori textu: P. Bella, M. Lalkovič ; foto: P. Zajíček, M. Eliáš ; grafická úprava: S. Ortutayová 
260 |a [Liptovský Mikuláš]  |b Grafon  |c c2002 
300 |a [16] s.  |b fareb. fotogr.  |c 21 cm 
500 |a ňObalový názov 
650 0 7 |a speleológia  |z Slovensko  |2 SNK  |9 276177 
650 0 7 |a speleológia  |z Slovensko  |x spravodaje informačné  |2 SNK  |9 393705 
651 7 |a Nízke Tatry (Slovensko : pohorie)  |2 SNK  |9 173011 
651 7 |a Bystrianska jaskyňa (Slovensko)  |2 SNK  |9 160784 
651 7 |a Bystrianska jaskyňa (Slovensko)  |2 SNK  |9 160784 
655 7 |a informačné publikácie  |2 SNK  |9 70181 
655 7 |a informačné publikácie  |2 SNK  |9 70181 
700 1 |a Lalkovič, Marcel,  |d 1944-2016  |4 aut  |9 216382 
700 1 |a Zajíček, Petr,  |d 1965-  |4 fot  |9 125786 
700 1 |a Eliáš, M.  |4 fot  |9 301403 
700 1 |a Ortutayová, Soňa  |4 gup  |9 299351 
919 |a 80-968771-0-0 
999 |c 643202  |d 645132 
952 |t P60, <03>, [BOOK], {603}  |a SNK  |b SNK  |y PREZ  |7 0  |p 17A0378238  |o snkOSC 22090  |i snkKSP 3890/2003  |0 0  |1 0  |4 0  |d 2003-03-11  |l 0  |r 2005-01-02 00:00:00  |w 2026-02-23 
952 |t P60, <04>, [BOOK], {604}  |a SNK  |b SNK  |y VYP  |7 0  |p 17A0378239  |o snkOSC 22090 D1  |i snkKSP 3891/2003  |0 0  |1 0  |4 0  |d 2003-03-11  |l 0  |r 2005-01-02 00:00:00  |w 2026-02-23